| 000 | 01015cab a2200301 4500 | ||
|---|---|---|---|
| 001 | WB3416-57 | ||
| 008 | 090401t1998 xxu||||| |||| 00| 0 eng d | ||
| 035 | _a(Sirsi) u85921 | ||
| 041 | _aeng | ||
| 245 | _aLondon faces car park `plague` | ||
| 260 | _c1998 | ||
| 350 | _a0 | ||
| 490 |
_aFinancial Times _v29 April 1998, 14 |
||
| 490 |
_aIndependent _v29 April 1998, 8(2) |
||
| 520 | _aGovernment strategy for traffic reduction in London is threatened by new traffic generating developments, including the Millennium Dome, according to a report "London`s great parking plague" by the Council for the Protection of Rural England. | ||
| 650 | _aCAR PARKING | ||
| 650 | _aCAR USE | ||
| 650 | _aCOUNCIL FOR THE PROTECTION OF RURAL ENGLAND | ||
| 650 | _aLONDON | ||
| 650 | _aMILLENNIUM DOME | ||
| 650 | _aPLANNING POLICY | ||
| 650 | _aTRAFFIC CONTROL | ||
| 650 | _aTRAFFIC REDUCTION | ||
| 650 | _aURBAN DEVELOPMENT | ||
| 690 | _aTRANSPORT AND COMMUNICATIONS | ||
| 942 | _n0 | ||
| 948 | _c30/04/1998 | ||
| 999 |
_c54051 _d54051 |
||